El nuevo arte de criar gallinas / (Record no. 42168)

MARC details
000 -LEADER
campo de control de longitud fija 00754nam a2200229 i 4500
001 - NÚMERO DE CONTROL
campo de control 42168
003 - IDENTIFICADOR DE NÚMERO DE CONTROL
campo de control ES-MaACL
005 - FECHA Y HORA DE LA ÚLTIMA TRANSACCIÓN
campo de control 20230906160548.0
007 - CAMPO FIJO DE DESCRIPCIÓN FÍSICA--INFORMACIÓN GENERAL
campo de control de longitud fija t|
008 - DATOS DE LONGITUD FIJA--INFORMACIÓN GENERAL
campo de control de longitud fija 030312s1960 sp ||||1| spa d
100 1# - ENTRADA PRINCIPAL--NOMBRE DE PERSONA
Nombre de persona Castelló de Plandolit, Federico.
9 (RLIN) 36560
245 13 - MENCIÓN DEL TÍTULO
Título El nuevo arte de criar gallinas /
Mención de responsabilidad, etc. por Federico Castelló de Plandolit, José Antonio Castelló Llobet.
250 ## - MENCION DE EDICION
Mención de edición 2ª ed.
260 ## - PUBLICACIÓN, DISTRIBUCIÓN, ETC.
Lugar de publicación, distribución, etc. Barcelona :
Nombre del editor, distribuidor, etc. Aedos,
Fecha de publicación, distribución, etc. [1960]
300 ## - DESCRIPCIÓN FÍSICA
Extensión 438 p. :
Otras características físicas il. ;
Dimensiones 20 cm.
490 1# - MENCIÓN DE SERIE
Mención de serie Biblioteca Agrícola "Aedos" ;
Designación de volumen o secuencia 1
650 #4 - PUNTO DE ACCESO ADICIONAL DE MATERIA--TÉRMINO DE MATERIA
Término de materia o nombre geográfico como elemento de entrada Gallinas.
9 (RLIN) 169078
700 1# - ENTRADA AGREGADA--NOMBRE PERSONAL
Nombre de persona Castelló Llobet, José Antonio.
9 (RLIN) 36562
830 0# - PUNTO DE ACCESO ADICIONAL DE SERIE-TÍTULO UNIFORME
Título uniforme Biblioteca Agrícola "Aedos" ;
Designación de volumen o secuencia 1
9 (RLIN) 183880
852 ## - LOCALIZACIÓN
Ubicación ES-MaACL
Número de control de estantería F-14061
Sublocalización o colección R.47995
Holdings
Estatus retirado Estado de pérdida Estado de daño No para préstamo Biblioteca de origen Biblioteca actual Ubicación en estantería Fecha de adquisición Fuente de adquisición Total de préstamos Signatura topográfica completa Código de barras Visto por última vez Precio de reemplazo Tipo de ítem Koha
        Biblioteca del Ateneo de Madrid Biblioteca del Ateneo de Madrid Sala Pecera Planta 2 17/01/2008     F-14061 1044380 23/02/2023 23/02/2023 Libro impreso